00605pab a2200181 454500008004000000100001500040245011400055260000900169300001500178362000800193650002100201650001800222700001900240773002900259909001100288999001900299952010500318180718b2017 xxu||||| |||| 00| 0 eng d aBel, Germa aWhat have we learned from the last three decades of empirical studies on factors driving local privatisation? c2017 ap.503-511. aAug aPublic utilities aPrivatization aFageda, Xavier aLocal Government Studies a115114 c115108d115108 00104070aIIPAbIIPAd2018-07-19hVolume no: 43, Issue no: 4pAR115574r2018-07-19w2018-07-19yAR